Study guide for use with macroeconomics

保存先:
書誌詳細
第一著者: DeLong, J. Bradford
フォーマット: 図書
言語:Undetermined
出版事項: Boston Irvin/McGraw-Hill 2002
主題:
タグ: タグ追加
タグなし, このレコードへの初めてのタグを付けませんか!
Thư viện lưu trữ: Trung tâm Học liệu Trường Đại học Cần Thơ
LEADER 00509nam a2200181Ia 4500
001 CTU_109748
008 210402s9999 xx 000 0 und d
082 |a 339 
082 |b D361 
100 |a DeLong, J. Bradford 
245 0 |a Study guide for use with macroeconomics 
245 0 |c J. Bradford DeLong, Martha L. Olney 
260 |a Boston 
260 |b Irvin/McGraw-Hill 
260 |c 2002 
650 |a Macroeconomics 
904 |i Minh, Q. Hieu 
980 |a Trung tâm Học liệu Trường Đại học Cần Thơ